[Event "Barcelona Sant Marti op-B 19th"]
[Site "Barcelona"]
[Date "2017.07.20"]
[Round "8"]
[White "Catala Ulied, Guillem"]
[Black "Sagar, Siya"]
[Result "1-0"]
[WhiteElo "1693"]
[BlackElo "1608"]
[PlyCount "67"]
[EventDate "2017.07.13"]
[EventType "swiss"]
[EventRounds "9"]
[EventCountry "ESP"]
[SourceTitle "EXT 2018"]
[Source "ChessBase"]
[SourceDate "2017.10.13"]
[SourceVersion "1"]
[SourceVersionDate "2017.10.13"]
[SourceQuality "1"]

1. e4 e5 2. Nc3 Nf6 3. f4 Nc6 4. fxe5 Nxe5 5. d4 Nc6 6. e5 Ng8 7. Nf3 Bb4 8. Bc4 h6 9. 0-0 Bxc3 10. bxc3 Qe7 11. a4 Qf8 12. Ba3 Nge7 13. Nh4 Kd8 14. Bxf7 g5 15. Ng6 Qg7 16. Nxh8 Qxh8 17. Qf3 b6 18. Bh5 d6 19. Qf8+ Qxf8 20. Rxf8+ Kd7 21. Bg4+ Nf5 22. Bxf5+ Ke7 23. Rxc8 Rxc8 24. Bxc8 Kd8 25. Ba6 dxe5 26. Bb5 Nb8 27. dxe5 c6 28. e6 cxb5 29. e7+ Ke8 30. Rf1 b4 31. Bxb4 Nc6 32. Rf8+ Kd7 33. e8Q+ Kc7 34. Qc8# 1-0

[Event "Barcelona Sant Marti op-B 19th"]
[Site "Barcelona"]
[Date "2017.07.18"]
[Round "6"]
[White "Catala Ulied, Guillem"]
[Black "Jimenez Rimblas, Raul"]
[Result "1-0"]
[WhiteElo "1693"]
[BlackElo "1437"]
[PlyCount "47"]
[EventDate "2017.07.13"]
[EventType "swiss"]
[EventRounds "9"]
[EventCountry "ESP"]
[SourceTitle "EXT 2018"]
[Source "ChessBase"]
[SourceDate "2017.10.13"]
[SourceVersion "1"]
[SourceVersionDate "2017.10.13"]
[SourceQuality "1"]

1. e4 g6 2. d4 Bg7 3. Nc3 d6 4. Be3 Nf6 5. f3 Nbd7 6. Qd2 0-0 7. 0-0-0 b6 8. Bh6 Bxh6 9. Qxh6 c5 10. e5 Ne8 11. Nh3 f6 12. Bc4+ Rf7 13. e6 Ng7 14. exf7+ Kh8 15. Nf4 Nf8 16. g4 Be6 17. Bxe6 Ngxe6 18. dxc5 bxc5 19. h4 Rb8 20. h5 g5 21. Ng6+ Nxg6 22. hxg6 Qg8 23. Qxh7+ Qxh7 24. Rxh7# 1-0

[Event "Barcelona Sant Marti op-B 19th"]
[Site "Barcelona"]
[Date "2017.07.14"]
[Round "2"]
[White "Arias Aranda, Guillem"]
[Black "Catala Ulied, Guillem"]
[Result "0-1"]
[WhiteElo "1438"]
[BlackElo "1693"]
[PlyCount "74"]
[EventDate "2017.07.13"]
[EventType "swiss"]
[EventRounds "9"]
[EventCountry "ESP"]
[SourceTitle "EXT 2018"]
[Source "ChessBase"]
[SourceDate "2017.10.13"]
[SourceVersion "1"]
[SourceVersionDate "2017.10.13"]
[SourceQuality "1"]

1. e4 c5 2. Nf3 d6 3. d4 cxd4 4. Nxd4 Nf6 5. Nc3 g6 6. Be3 Bg7 7. f3 0-0 8. Qd2 Nc6 9. Bc4 Bd7 10. h4 h5 11. 0-0-0 Rb8 12. Kb1 Na5 13. Bb3 b5 14. Bg5 Nc4 15. Bxc4 bxc4 16. Bxf6 Bxf6 17. Nd5 Bg7 18. g4 e6 19. Nc3 Qb6 20. b3 Qc5 21. gxh5 Qxh5 22. Qg5 Qxg5 23. hxg5 Rfc8 24. Nce2 e5 25. Nc3 exd4 26. Nd5 Kf8 27. Rh4 d3 28. Rdh1 dxc2+ 29. Kc1 cxb3 30. axb3 Rxb3 31. Rh8+ Bxh8 32. Rxh8+ Kg7 33. Rxc8 Bxc8 34. Ne7 Rc3 35. Nd5 Rc5 36. Nb4 Be6 37. Nd3 Rc3 0-1

[Event "Barcelona-C 1st"]
[Site "Barcelona"]
[Date "2015.12.06"]
[Round "5"]
[White "Moya Nunez, Salvador"]
[Black "Catala Ulied, Guillem"]
[Result "0-1"]
[WhiteElo "1187"]
[BlackElo "1462"]
[PlyCount "114"]
[EventDate "2015.12.05"]
[EventType "tourn"]
[EventRounds "9"]
[EventCountry "ESP"]
[SourceTitle "EXT 2024"]
[Source "ChessBase"]
[SourceDate "2023.10.10"]
[SourceVersion "1"]
[SourceVersionDate "2023.10.10"]
[SourceQuality "1"]

1. e4 c5 2. Nc3 Nc6 3. f4 g6 4. Nf3 Bg7 5. Bc4 e6 6. 0-0 Nge7 7. Qe1 0-0 8. d3 d5 9. Bb5 Nd4 10. Ba4 a6 11. Bb3 b5 12. Be3 Nxb3 13. axb3 d4 14. Bd2 dxc3 15. Bxc3 Nc6 16. Bxg7 Kxg7 17. Qc3+ Qf6 18. Qxc5 Bb7 19. Qc3 Rac8 20. Qxf6+ Kxf6 21. Rf2 Nb4 22. e5+ Kg7 23. Ne1 Rfd8 24. g3 Rd7 25. Kf1 Rdc7 26. c3 Nd5 27. d4 Ne3+ 28. Kg1 Bd5 29. Re2 Nf5 30. Rxa6 Bxb3 31. Ra3 Bc4 32. Rd2 Rb7 33. Nc2 Rbb8 34. Kf2 Ra8 35. Rxa8 Rxa8 36. Na3 Ne7 37. Ke1 Rb8 38. Kf2 Bb3 39. Nc2 Nd5 40. Ne3 b4 41. Nxd5 Bxd5 42. cxb4 Rxb4 43. Ke3 f5 44. Kf2 h6 45. h4 Rb3 46. Kf1 Rxg3 47. Rf2 Rf3 48. Rxf3 Bxf3 49. Kf2 Bd5 50. Ke3 Kf7 51. Kd3 g5 52. hxg5 hxg5 53. fxg5 Kg6 54. b4 Kxg5 55. Ke3 Kg4 56. Kf2 Kf4 57. b5 Ke4 0-1

[Event "Foment Martinenc op-B 17th"]
[Site "Barcelona"]
[Date "2015.06.13"]
[Round "8"]
[White "Ylla Soro, Rafael"]
[Black "Catala Ulied, Guillem"]
[Result "1-0"]
[WhiteElo "1863"]
[BlackElo "1887"]
[PlyCount "53"]
[EventDate "2015.04.25"]
[EventType "swiss"]
[EventRounds "9"]
[EventCountry "ESP"]
[SourceTitle "EXT 2017"]
[Source "ChessBase"]
[SourceDate "2016.10.25"]
[SourceVersion "1"]
[SourceVersionDate "2016.10.25"]
[SourceQuality "1"]

1. e4 c5 2. Nc3 g6 3. g3 Bg7 4. Bg2 e6 5. Nge2 Ne7 6. d3 0-0 7. Bg5 Nbc6 8. 0-0 h6 9. Bf4 d5 10. exd5 Nxd5 11. Nxd5 exd5 12. Nc3 Be6 13. Rb1 Nd4 14. Ne2 Bg4 15. f3 Nxe2+ 16. Qxe2 Re8 17. Qd2 Bd4+ 18. Kh1 g5 19. fxg4 gxf4 20. Qxf4 Qe7 21. Bxd5 Rf8 22. Qxh6 Rad8 23. Qg6+ Bg7 24. Qh5 Qe5 25. Bxf7+ Rxf7 26. Qxf7+ Kh8 27. Qh5+ 1-0

[Event "Foment Martinenc op-B 17th"]
[Site "Barcelona"]
[Date "2015.04.25"]
[Round "1"]
[White "Catala Ulied, Guillem"]
[Black "Salazar Navas, Josep"]
[Result "1/2-1/2"]
[WhiteElo "1887"]
[BlackElo "2025"]
[PlyCount "111"]
[EventDate "2015.04.25"]
[EventType "swiss"]
[EventRounds "9"]
[EventCountry "ESP"]
[SourceTitle "EXT 2017"]
[Source "ChessBase"]
[SourceDate "2016.10.25"]
[SourceVersion "1"]
[SourceVersionDate "2016.10.25"]
[SourceQuality "1"]

1. e4 d5 2. exd5 Nf6 3. d4 Nxd5 4. c4 Nb6 5. Nf3 g6 6. Nc3 Bg7 7. c5 Nd5 8. Bc4 Nxc3 9. bxc3 0-0 10. 0-0 Nc6 11. Re1 Bg4 12. h3 Bxf3 13. Qxf3 Nxd4 14. cxd4 Qxd4 15. Rb1 Qxc4 16. Rxb7 Rac8 17. Qa3 Qd5 18. Rxa7 Ra8 19. Bf4 e6 20. Rb1 Qe4 21. Rxa8 Rxa8 22. Qb4 Qc2 23. Bxc7 Bd4 24. Bg3 Bxc5 25. Qb2 Qa4 26. Qe5 Bd4 27. Rb8+ Rxb8 28. Qxb8+ Kg7 29. Be5+ f6 30. Qc7+ Kh6 31. Bxd4 Qxd4 32. Qc1+ g5 33. Qe3 Qa1+ 34. Kh2 Qxa2 35. h4 Qd5 36. hxg5+ fxg5 37. f4 gxf4 38. Qxf4+ Qg5 39. Qf8+ Kh5 40. Qf7+ Qg6 41. Qf3+ Kg5 42. Qg3+ Kf6 43. Qf4+ Kg7 44. Qe5+ Kf8 45. Qb8+ Ke7 46. Qc7+ Kf6 47. Qf4+ Qf5 48. Qh6+ Ke5 49. Qe3+ Kd5 50. Qb3+ Kd6 51. Qb8+ Kc5 52. Qc7+ Kd4 53. Qb6+ Ke4 54. Qb4+ Ke3 55. Qb3+ Kf4 56. Qg3+ 1/2-1/2

[Event "Catalunya-ch U10"]
[Site "Vilaseca"]
[Date "2011.04.16"]
[Round "1.3"]
[White "Castillo Dalmau, Albert"]
[Black "Catala Ulied, Guillem"]
[Result "1-0"]
[WhiteElo "1864"]
[BlackElo "1700"]
[PlyCount "71"]
[EventDate "2011.04.16"]
[EventType "swiss"]
[EventRounds "8"]
[EventCountry "ESP"]
[SourceTitle "EXT 2024"]
[Source "ChessBase"]
[SourceDate "2023.10.10"]
[SourceVersion "1"]
[SourceVersionDate "2023.10.10"]
[SourceQuality "1"]

1. c4 e5 2. g3 Bc5 3. Bg2 c6 4. Nc3 Nf6 5. e4 0-0 6. Nge2 d6 7. 0-0 Bg4 8. d3 Nbd7 9. Rb1 Bb4 10. Qc2 Qb6 11. Be3 Bc5 12. Bxc5 Qxc5 13. b4 Qb6 14. b5 Qc5 15. bxc6 bxc6 16. Rb2 h6 17. Rfb1 Nh5 18. Qa4 Nb6 19. Qb4 a5 20. Qxc5 dxc5 21. Rxb6 Rad8 22. Nc1 Be2 23. N3xe2 Nf6 24. Rxc6 Ng4 25. Rxc5 Rd6 26. Rxa5 Rf6 27. f3 Ne3 28. Rxe5 g6 29. a4 h5 30. Ra5 h4 31. Rab5 h3 32. Bh1 g5 33. g4 Kh8 34. Rxg5 Nc2 35. Rh5+ Kg7 36. Rxh3 1-0